Elements with Irregular Symbols - Statistics

General Stats
  • This quiz has been taken 112 times
    111 since last reset
  • The average score is 10 of 11
Answer Stats
Symbol Element % Correct
Fe Iron
100%
Au Gold
99%
Na Sodium
99%
K Potassium
97%
Ag Silver
97%
Cu Copper
96%
W Tungsten
91%
Pb Lead
90%
Hg Mercury
87%
Sn Tin
87%
Sb Antimony
73%
No matching quizzes found
Score Distribution
Percent of People with Each Score
Percentile by Number Answered
Your Score History
You have not taken this quiz since the last reset